NHL Hockey Individual Skater Stat Acronyms/Abbreviations - Statistics

General Stats
  • This quiz has been taken 45 times
  • The average score is 15 of 20
Answer Stats
Stat Answer % Correct
A Assists
100%
G Goals
100%
P Points
100%
GP Games Played
98%
POS Position
90%
PIM Penalty Minutes
88%
PPG Power Play Goals
86%
S Shots
83%
GWG Game Winning Goals
81%
OTG Overtime Goals
81%
PPP Power Play Points
76%
SHG Short Handed Goals
76%
SHP Short Handed Points
74%
S% Shot Percentage
64%
FOW% Faceoff Win Percentage
60%
EVG Even Strength Goals
57%
EVP Even Strength Points
52%
P/GP Points Per Game Played
50%
TOI/GP Time on Ice per Game Played
43%
S/C Skater Shoots
2%
No matching quizzes found
Score Distribution
Percent of People with Each Score
Percentile by Number Answered
Your Score History
You have not taken this quiz